000 01147nam a2200337 a 4500
001 00144
003 DO-SdBNP
005 20180313153010.0
007 00144
008 130415s20uu dr 2005 000 0 spa d
040 _aBPMSU
_bspa
_cBPMSU
092 _a373.7
_bP349m 2005
100 1 _aPeña Geraldino, Rafael
245 1 0 _aMatemática basica superior /
_cRafael Peña Geraldino.
250 _a4a. ed.
260 _aSanto Domingo :
_bAntillas,
_c2005.
300 _a407 p. :
_bil. ;
_c27 cm.
650 4 _aMATEMÁTICAS
_xENSEÑANZA BÁSICA
650 4 _aMATEMÁTICAS
_xESTUDIOS Y EJERCICIOS
650 4 _aMATEMÁTICAS
_xLIBROS DE TEXTOS
650 4 _aMATEMÁTICAS
_xENSEÑANZA SECUNDARIA
650 4 _aEDUCACIÓN PRIMARIA
_zREPÚBLICA DOMINICANA
650 4 _aEDUCACIÓN SECUNDARIA
_zREPÚBLICA DOMINICANA
910 _aValidado. Control de calidad MFF
930 1 _lBND01
_mLF1
_820130415
_f01
_pCT
_g36179
942 _2ddc
_cBK
945 _aRemanejado para la Bib. BNPHU, 2018/ YL
956 _aDGARCIA
_b10
_c20130415
_lBND01
_h1259
956 _aVMATEO
_b10
_c20130507
_lBND01
_h1008
956 _aBTAVÁREZ
_b10
_c20160405
_lBPMSU
_h00144
999 _c8243
_d8243